The New complete letter writer; or, The art of correspondence : Containing letters ... /

Bibliographic Details
Format: eBook
Language:English
Published: Printed at Boston : By Samuel Etheridge, for Daniel Brewer, sold by him in Taunton, and by D. West, and Thomas & Andrews, in Boston, April, 1798.
Series:Early American imprints. Evans (1639-1800) ; no. 34177.
Subjects:
Online Access:Evans Digital Edition

MARC

Tag First Indicator Second Indicator Subfields
LEADER 00000cam a2200000 a 4500
001 in00002139357
006 m e d #
007 cr mn mmmmabba
008 820701s1798 mau s 000 0 eng d
005 20260330214724.0
035 |z w013839 
035 |a MAAR8207013705B 
035 |9 mwa91-54690 
035 |a 341256 
035 |a aas03013839 
040 |a MWA  |c MWA  |e bdrb  |d UtOrBLW 
245 0 4 |a The New complete letter writer; or, The art of correspondence :  |b Containing letters ... /  |c composed by writers eminent for perspicuity and elegance of expression. ; To which are added, Moral maxims and reflections, by the late Duke de La Rochefoucault [as printed]. ; Likewise forms of message cards, and instructions how to address persons of all ranks in the United States. 
264 1 |a Printed at Boston :  |b By Samuel Etheridge, for Daniel Brewer, sold by him in Taunton, and by D. West, and Thomas & Andrews, in Boston,  |c April, 1798. 
300 |a viii, 1 unnumbered page, 10-228 pages ;  |c 18 cm. (duodecimo) 
336 |a text  |b txt  |2 rdacontent 
337 |a computer  |b c  |2 rdamedia 
338 |a online resource  |b cr  |2 rdacarrier 
500 |a Printer's advertisement, page 228. 
510 4 |a Evans  |c 34177 
510 4 |a Parsons, W. Catholic Americana (additions),  |c 188 
530 |a Microform version available in the Readex Early American Imprints series. 
533 |a Electronic text and image data.  |b [Chester, Vt. :  |c Readex, a division of Newsbank, Inc.,  |d 2002-2004.  |e Includes files in TIFF, GIF and PDF formats with inclusion of keyword searchable text.  |f (Early American imprints. First series ; no. 34177). 
500 |a Electronic resource. 
650 0 |a Letter writing. 
655 7 |a Printers' advertisements  |z Massachusetts  |z Boston.  |2 rbgenr 
752 |a United States  |b Massachusetts  |d Boston. 
752 |a United States  |b Massachusetts  |d Taunton. 
830 0 |a Early American imprints.  |n Series I,  |p Evans (1639-1800) ;  |v no. 34177. 
856 4 1 |u http://proxy.library.tamu.edu/login?url=https://opac.newsbank.com/select/evans/34177  |y Evans Digital Edition  |t 0 
999 |a MARS 
999 f f |s 7c538f98-67b6-36fc-a89d-6e16bb5a586b  |i 2467f022-6da7-3216-9126-cf26f4ddaf87  |t 0 
952 f f |a Texas A&M University  |b College Station  |c Electronic Resources  |s www_evans  |d Available Online  |t 0  |h No information provided 
998 f f |t 0  |l Available Online